ILLUSTRATED Oxford dictionary

Bibliographic Details
Format: Book
Published: London, Oxford, U.K. : Dorling Kindersley, Oxford University Press , 1998
Subjects:

MARC

LEADER 00000cam a2200000 7i4500
001 0000001048
005 20131213.0
020 0 0 |a 0751311103 
090 0 0 |a R423   |b ILL 1998 
245 0 0 |a ILLUSTRATED Oxford dictionary 
260 0 0 |a London, Oxford, U.K. :   |b Dorling Kindersley, Oxford University Press ,   |c 1998 
300 |a 1008 p. :   |b col. ill.,maps ;   |c 27 cm. 
650 0 0 |a English language   |x Dictionaries 
998 |a JPSM 
999 |a 0000002328   |b Monograph   |c Reference   |e Default branch